Analýza spotrebiteľského správania ako jedno z východísk marketingového plánovania
Spotrebiteľské správanie ako jedno z východísk marketingového plánovania. Úspešné pôsobenie spoločností v trhovom prostredí a schopnosť reagovať na meniace sa podmienky na trhu. Konkurenčná ekonomika a konkurenčná výhoda. Analýza spotrebiteľského správania.
Enregistré dans:
| Auteur principal: | |
|---|---|
| Format: | Chapitre de livre |
| Langue: | slovaque |
| Sujets: | |
| Tags: |
Pas de tags, Soyez le premier à ajouter un tag!
|
MARC
| LEADER | 00000nla$a2200000$$$4500 | ||
|---|---|---|---|
| 001 | 0129955 | ||
| 005 | 20221103134344.5 | ||
| 041 | 0 | |a slo | |
| 044 | |a SK | ||
| 245 | 1 | 0 | |a Analýza spotrebiteľského správania ako jedno z východísk marketingového plánovania |c Kamila Valkovcová |
| 520 | |a Spotrebiteľské správanie ako jedno z východísk marketingového plánovania. Úspešné pôsobenie spoločností v trhovom prostredí a schopnosť reagovať na meniace sa podmienky na trhu. Konkurenčná ekonomika a konkurenčná výhoda. Analýza spotrebiteľského správania. | ||
| 610 | 2 | 0 | |a politika spotrebiteľská |
| 610 | 2 | 0 | |a práva spotrebiteľské |
| 610 | 2 | 0 | |a správanie spotrebiteľa |
| 610 | 2 | 0 | |a spokojnosť zákazníkov |
| 610 | 2 | 0 | |a marketing |
| 610 | 2 | 0 | |a marketing mix |
| 610 | 2 | 0 | |a komunikácia marketingová |
| 610 | 2 | 0 | |a konkurencieschopnosť |
| 100 | 1 | |a Valkovcová, Kamila | |